[Event "GER-chT Betriebe 14th"]
[Site "Dresden"]
[Date "2014.11.21"]
[Round "3.1"]
[White "Quast, Michael1111"]
[Black "Zunk, Olaf"]
[Result "1-0"]
[WhiteElo "1723"]
[BlackElo "1402"]
[PlyCount "51"]
[EventDate "2014.11.20"]
[EventType "team-swiss"]
[EventRounds "7"]
[EventCountry "GER"]
[SourceTitle "EXT 2020"]
[Source "ChessBase"]
[SourceDate "2019.10.17"]
[SourceVersion "1"]
[SourceVersionDate "2019.10.17"]
[SourceQuality "1"]
[WhiteTeam "Berlin Tempelhof II"]
[BlackTeam "Muenchen ADAC II"]
[WhiteTeamCountry "GER"]
[BlackTeamCountry "GER"]

1. b3 e5 2. Bb2 d6 3. e3 Nc6 4. Bb5 Bd7 5. Ne2 g6 6. 0-0 Bg7 7. f4 Nf6 8. Bxc6 Bxc6 9. fxe5 Nd7 10. Nd4 Nxe5 11. Nxc6 bxc6 12. d4 Nd7 13. Qf3 0-0 14. Qxc6 Re8 15. Rf3 Rb8 16. Nc3 Re6 17. Raf1 f6 18. Qc4 Kf7 19. Ne2 Rc8 20. Nf4 Nf8 21. Nxe6 Nxe6 22. d5 Ng5 23. Rxf6+ Bxf6 24. Bxf6 Qxf6 25. Rxf6+ Kxf6 26. Qf4+ 1-0